Statistics for Top 100 MLB Players of 2021

Click here to take the quiz!

General Stats

  • This quiz has been taken 62 times
  • The average score is 43 of 100

Answer Stats

RankTeamPlayer% Correct
1AngelsShohei Ohtani
98%
2NationalsJuan Soto
93%
10PhilliesBryce Harper
86%
3Blue JaysVladimir Guerrero Jr.
84%
29Blue JaysBo Bichette
80%
8PadresFernando Tatis Jr.
80%
14Nationals/DodgersMax Scherzer
77%
36AstrosJose Altuve
73%
72DodgersJustin Turner
73%
11Nationals/DodgersTrea Turner
73%
17YankeesAaron Judge
70%
33BravesFreddie Freeman
66%
60DodgersMookie Betts
66%
7IndiansJose Ramirez
64%
24YankeesGerrit Cole
61%
5BrewersCorbin Burnes
59%
37PadresManny Machado
59%
21AthleticsMatt Olson
57%
42BravesRonald Acuna Jr.
57%
82AstrosYordan Alvarez
57%
6PhilliesZack Wheeler
57%
16AstrosKyle Tucker
55%
56CardinalsNolan Arenado
55%
80Blue JaysTeoscar Hernandez
55%
44White SoxTim Anderson
55%
49Red SoxEnrique Hernandez
52%
81RedsJoey Votto
52%
89AthleticsMatt Chapman
52%
22CardinalsPaul Goldschmidt
52%
9AstrosCarlos Correa
50%
41MetsJacob deGrom
50%
39GiantsKevin Gausman
50%
28Red SoxXander Bogaerts
50%
19PiratesBryan Reynolds
48%
35GiantsBuster Posey
48%
4Blue JaysMarcus Semien
48%
15DodgersWalker Buehler
48%
12GiantsBrandon Crawford
45%
88Cubs/GiantsKris Bryant
45%
74BravesOzzie Albies
45%
84MetsPete Alonso
45%
57Red SoxRafael Devers
45%
34RoyalsSalvador Perez
45%
23BrewersBrandon Woodruff
43%
18OriolesCedric Mullins
43%
62Cubs/MetsJavier Baez
43%
61Rangers/YankeesJoey Gallo
43%
86White SoxJose Abreu
43%
13Blue JaysRobbie Ray
43%
64DodgersWill Smith
43%
76DodgersCorey Seager
41%
78Twins/Blue JaysJose Berrios
41%
91Nationals/Red SoxKyle Schwarber
41%
54BravesMax Fried
41%
32DodgersMax Muncy
41%
83RedsNick Castellanos
41%
48Marlins/AthleticsStarling Marte
41%
30BravesAustin Riley
39%
43TwinsByron Buxton
39%
25White Sox
Lance Lynn
39%
99BrewersJosh Hader
39%
50MarlinsSandy Alcantara
39%
77CardinalsAdam Wainwright
36%
38DodgersJulio Urias
36%
52White SoxLucas Giolito
36%
75RaysRandy Arozarena
36%
58Rays/BrewersWilly Adames
36%
31RaysBrandon Lowe
34%
20CardinalsTyler O'Neill
34%
85AstrosYuli Gurriel
34%
51BravesCharlie Morton
32%
45PadresJake Cronenworth
32%
71RedsJonathan India
32%
67GiantsLogan Webb
32%
90Pirates/PadresAdam Frazier
30%
70PhilliesRanger Suarez
30%
65White SoxYasmani Grandal
30%
47RoyalsNicky Lopez
27%
59White SoxYoan Moncada
27%
26White SoxCarlos Rodon
25%
79AthleticsChris Bassitt
25%
100IndiansEmmanuel Clase
25%
87CardinalsHarrison Bader
25%
46TwinsJorge Polanco
25%
55RedsLuis Castillo
25%
93MetsMarcus Stroman
25%
63RaysMike Zunino
25%
27Red SoxNathan Eovaldi
25%
69BrewersFreddy Peralta
23%
95AstrosLance McCullers Jr.
23%
73MarinersTy France
23%
94PadresJoe Musgrove
20%
40RedsTyler Mahle
18%
98MetsBrandon Nimmo
16%
68MarlinsTrevor Rogers
16%
53RedsWade Miley
16%
96GiantsAnthony DeSclafani
11%
66AthleticsFrankie Montas
11%
92TigersJeimer Candelario
11%
97IndiansCal Quantrill
9%

Score Distribution

Percentile by Number Answered

Percent of People with Each Score

Your Score History

You have not taken this quiz